000
00354nam a2200157Ia 4500
008
230524s9999 xx 000 0 und d
082
_a
537
_b
GUP
100
_a
S.L.Gupta
245
0
_a
Electrodynamics
250
_a
1ST
260
_a
NEW DELHI
_b
Pragati
_c
2004
300
_a
VIII;520
500
_a
Quantity Number: 2
650
_a
Physics
942
_c
BK
999
_c
8889
_d
8889